| 000 | 00457nam a2200169Ia 4500 | ||
|---|---|---|---|
| 008 | 190430s9999 xx 000 0 und d | ||
| 100 | _aChavez, Chito | ||
| 245 | _aNeed for ecological social management stressed in Palawan/ | ||
| 245 | _cChito Chavez | ||
| 260 | _bManila Bulletin | ||
| 260 | _c2018 | ||
| 300 | _aSeptember 10 | ||
| 440 | _aManila Bulletin | ||
| 650 | _aGeography | ||
| 650 | _aPalawan (Philippines) | ||
| 650 | _asocial management | ||
| 999 |
_c361773 _d361773 |
||